LDR 00893naa#a2200193#i#450# 001 RU\RIOR\bibl\126280 005 20260629075309.1 011 ## _a2409-6024 100 ## _a20260530b2026####ek#y0rusy0150####ca 102 ## _aRU 200 1# _aИНТЕГРАЦИЯ ESG-ПОКАЗАТЕЛЕЙ В СИСТЕМУ СТРАТЕГИЧЕСКОГО КОНТРОЛЛИНГА КОМПАНИИ _eЖурнальная статья 210 1# _aМосква _cООО "Издательский Центр РИОР" _d2026 215 ## _a13 с. 608 ## _aЖурнальная статья _2local 675 ## _aЭкономика. Народное хозяйство. Экономические науки. 33 _z 700 #1 _aКожина _gВероника Олеговна 700 #1 _aРябиченко _gСергей Анатольевич 700 #1 _aХолодков _gДенис Александрович 856 4# _arusjm.ru _u